[Event "Pinneberg-ch"]
[Site "Pinneberg"]
[Date "2015.09.03"]
[Round "2"]
[White "Goettsche, Din Belmin"]
[Black "Tornier, Siegfried"]
[Result "1/2-1/2"]
[WhiteElo "1200"]
[BlackElo "1497"]
[PlyCount "88"]
[EventDate "2015.08.28"]
[EventType "swiss"]
[EventRounds "7"]
[EventCountry "GER"]
[SourceTitle "EXT 2017"]
[Source "ChessBase"]
[SourceDate "2016.10.25"]
[SourceVersion "1"]
[SourceVersionDate "2016.10.25"]
[SourceQuality "1"]

1. e4 e5 2. Nf3 Nc6 3. Bc4 Be7 4. 0-0 Nf6 5. d3 d6 6. Be3 0-0 7. a3 a6 8. Nbd2 b5 9. Ba2 Bd7 10. b4 Rc8 11. Ne1 Qe8 12. h3 Bd8 13. f4 exf4 14. Bxf4 Be6 15. Bxe6 Qxe6 16. Nef3 h6 17. Qe1 Nh5 18. Bh2 g5 19. Qe2 Ng7 20. Nb3 Bf6 21. Rab1 Rce8 22. Rfe1 Qc8 23. Qf2 Bc3 24. Re2 f5 25. exf5 Rxe2 26. Qxe2 Nxf5 27. Qe4 Qe8 28. Qxe8 Rxe8 29. Nbd2 Ncd4 30. Nxd4 Bxd4+ 31. Kh1 Re2 32. Nf3 Bb6 33. Rf1 Ne3 34. Re1 Rxc2 35. Bg1 Nd5 36. Re6 Bxg1 37. Kxg1 Kg7 38. Nd4 Rc1+ 39. Kf2 Nf4 40. Nf5+ Kf7 41. Rxh6 Nxd3+ 42. Ke3 Ne5 43. Kd4 Ng6 44. g4 Nf8 1/2-1/2